000 00485nam a2200181Ia 4500
003 LK-CoDNM
005 20240213144809.0
008 010623t1901 xxu||||| |||| 00| 1 sin d
040 _aLK-CoDNM
_dLK-CoDNM
_eLK-CoDNM
041 _asin
080 _a104
_bT 14
100 _aFernando.J.A
245 _aඉයුජින් සහ මිලන්
246 _aEnglish play entitiled. Evgen and milan
260 _bB.J.Perera
_aColombo
_c1901
300 _b30p., 21 cm
942 _cBK
999 _c85281
_d85281